Normal view
MARC view
- Sardar farhan mushtaq
Entry Personal Name
001 - CONTROL NUMBER
- control field: 50807
003 - CONTROL NUMBER IDENTIFIER
- control field: NUST
005 - DATE AND TIME OF LATEST TRANSACTION
- control field: 20210314134804.0
008 - FIXED-LENGTH DATA ELEMENTS
- fixed length control field: 210314|| aca||aabn | a|a d
040 ## - CATALOGING SOURCE
- Original cataloging agency: NUST
- Transcribing agency: NUST
100 ## - HEADING--PERSONAL NAME
- Personal name: Sardar farhan mushtaq
670 ## - SOURCE DATA FOUND
- Source citation: Work cat.: (NUST): Sardar farhan mushtaq, Mechanical properties of concrete at elevated temperature and fire rating of RCC colums , 2015.
